Three discourses : I. On the guilt and folly of being ashamed of religion, II. On the great evil of slander, III. On the nature and danger of small faults, delivered at Boston, in October, 1790. /

Bibliographic Details
Main Author: Smith, Samuel Stanhope, 1750-1819
Format: eBook
Language:English
Series:Early American imprints. Evans (1639-1800) ; no. 24798.
Subjects:
Online Access:Evans Digital Edition

MARC

Tag First Indicator Second Indicator Subfields
LEADER 00000cam a2200000 a 4500
001 in00002154366
006 m e d #
007 cr mn mmmmabba
008 830113r1792 pau s 000 0 eng d
005 20260331142820.8
035 |z w028303 
035 |a MAAR8301133609B 
035 |9 mwa91-36388 
035 |a 344954 
035 |a aas03028303 
040 |a MWA  |c MWA  |e bdrb  |d UtOrBLW 
100 1 |a Smith, Samuel Stanhope,  |d 1750-1819. 
245 1 0 |a Three discourses :  |b I. On the guilt and folly of being ashamed of religion, II. On the great evil of slander, III. On the nature and danger of small faults, delivered at Boston, in October, 1790. /  |c By the Reverend Samuel Stanhope Smith, D.D. vicepresident, and professor of moral philosophy, in the University at Princeton, Newjersey. ; First published at the request of the hearers. 
264 3 |a Lancaster [Pa.] :  |b Reprinted by William Dickson, in Kingstreet,  |c M,DCC,XCII. [1792] 
300 |a 54 pages, 2 unnumbered pages ;  |c 19 cm. (duodecimo) 
336 |a text  |b txt  |2 rdacontent 
337 |a computer  |b c  |2 rdamedia 
338 |a online resource  |b cr  |2 rdacarrier 
500 |a Publisher's prospectus, page [55]. 
510 4 |a Evans  |c 24798 
530 |a Microform version available in the Readex Early American Imprints series. 
533 |a Electronic text and image data.  |b [Chester, Vt. :  |c Readex, a division of Newsbank, Inc.,  |d 2002-2004.  |e Includes files in TIFF, GIF and PDF formats with inclusion of keyword searchable text.  |f (Early American imprints. First series ; no. 24798). 
500 |a Electronic resource. 
655 7 |a Prospectuses.  |2 rbgenr 
655 7 |a Sermons  |y 1790.  |2 rbgenr 
752 |a United States  |b Pennsylvania  |d Lancaster. 
830 0 |a Early American imprints.  |n Series I,  |p Evans (1639-1800) ;  |v no. 24798. 
856 4 1 |u http://proxy.library.tamu.edu/login?url=https://opac.newsbank.com/select/evans/24798  |y Evans Digital Edition  |t 0 
999 |a MARS 
999 f f |s def55dd8-9df6-3e2e-9c3b-28da0ba05b7b  |i 6fe76f6d-3b29-3af9-899d-e72968c54d2a  |t 0 
952 f f |a Texas A&M University  |b College Station  |c Electronic Resources  |s www_evans  |d Available Online  |t 0  |h No information provided 
998 f f |t 0  |l Available Online